ARRUPE JESUIT UNIVERSITY

CORONAVIRUS -STOP THE SPREAD - CLEAN,DISINFECT,COVER

The books and the parchments: some chapters on the transmission of the Bible (Record no. 125667)

MARC details
000 -LEADER
fixed length control field 00798cam a2200277 4500
001 - CONTROL NUMBER
control field 4589079
003 - CONTROL NUMBER IDENTIFIER
control field ARRUPE
005 - DATE AND TIME OF LATEST TRANSACTION
control field 20161103113825.0
008 - FIXED-LENGTH DATA ELEMENTS--GENERAL INFORMATION
fixed length control field 730503s1971 enk b 001 0 eng
010 ## - LIBRARY OF CONGRESS CONTROL NUMBER
LC control number 73156454
020 ## - INTERNATIONAL STANDARD BOOK NUMBER
International Standard Book Number 0720802164
035 ## - SYSTEM CONTROL NUMBER
System control number (OCoLC)ocm00632938
035 ## - SYSTEM CONTROL NUMBER
System control number (NNC)4589079
040 ## - CATALOGING SOURCE
Original cataloging agency DLC
Transcribing agency DLC
050 0# - LIBRARY OF CONGRESS CALL NUMBER
Classification number BS445
Item number .B68 1971
098 ## - OTHER CLASSIFICATION SCHEMES (OCLC)
Call number based on other classification scheme CF16
300 ## - PHYSICAL DESCRIPTION
Dimensions 19 cm.
100 1# - MAIN ENTRY--PERSONAL NAME
Personal name Bruce, F. F.
Fuller form of name (Frederick Fyvie),
Dates associated with a name 1910-1990.
9 (RLIN) 24658
245 14 - TITLE STATEMENT
Title The books and the parchments: some chapters on the transmission of the Bible
Statement of responsibility, etc [by] F. F. Bruce.
250 ## - EDITION STATEMENT
Edition statement Revised ed.
260 ## - PUBLICATION, DISTRIBUTION, ETC. (IMPRINT)
Place of publication, distribution, etc London,
Name of publisher, distributor, etc Pickering and Inglis,
Date of publication, distribution, etc 1971.
300 ## - PHYSICAL DESCRIPTION
Extent 287 p.
504 ## - BIBLIOGRAPHY, ETC. NOTE
Bibliography, etc Bibliography: p. 265-270.
650 ## - SUBJECT ADDED ENTRY--TOPICAL TERM
Topical term or geographic name as entry element Bible
General subdivision History
9 (RLIN) 27275
942 ## - ADDED ENTRY ELEMENTS (KOHA)
Source of classification or shelving scheme Library of Congress Classification
Koha item type Monograph ( Printed materials)
Holdings
Withdrawn status Lost status Source of classification or shelving scheme Damaged status Not for loan Collection code Home library Current library Shelving location Date acquired Total Checkouts Full call number Barcode Date last seen Price effective from Koha item type
    Library of Congress Classification     Main Collection ARRUPE LIBRARY ARRUPE LIBRARY Main Collection 03/11/2016   BS450 .B7 1971 46500009936 03/11/2016 03/11/2016 Monograph ( Printed materials)

 

Arrupe Library. PO Box MP320 Mt Pleasant, Harare, Zimbabwe
263 242 745411|librarian@aju.ac.zw